Reliability and probabilistic safety assessment in multi-unit nuclear power plants /

"Provides a framework for nuclear and PSA researchers and professionals on the design and operation of multi-unit risk assessments Reviews practices adopted in various regions around the globe to analyze dependencies between units Includes modeling techniques of inter-connections and shared res...

Full description

Bibliographic Details
Main Author: Kumar, C. Senthil
Corporate Author: ScienceDirect (Online service)
Format: eBook
Language:English
Published: London ; San Diego, CA : Academic Press, an imprint of Elsevier, [2023]
Subjects:
Online Access:Connect to the full text of this electronic book

MARC

Tag First Indicator Second Indicator Subfields
LEADER 00000cam a22000007i 4500
001 in00005771449
005 20260327174126.4
006 m o d
007 cr cnu---unuuu
008 230221s2023 enk ob 001 0 eng d
040 |a YDX  |b eng  |e rda  |c YDX  |d OPELS  |d YDX  |d UKMGB  |d OCLCF  |d N$T  |d OCLCO  |d OCLCL  |d UKKRT  |d OCLCL  |d SFB 
015 |a GBC372958  |2 bnb 
016 7 |a 021004209  |2 Uk 
020 |a 012819393X  |q electronic book 
020 |a 9780128193938  |q (electronic bk.) 
020 |z 9780128193921 
020 |z 0128193921 
035 |a (OCoLC)1369700015 
037 |a 9780128193938  |b Ingram Content Group 
050 4 |a TK9152.16  |b .K85 2023 
072 7 |a TEC  |x 017000  |2 bisacsh 
072 7 |a TEC  |x 028000  |2 bisacsh 
072 7 |a THK  |2 bicssc 
082 0 4 |a 363.17992  |2 23/eng/20230309 
049 |a TXAM 
100 1 |a Kumar, C. Senthil. 
245 1 0 |a Reliability and probabilistic safety assessment in multi-unit nuclear power plants /  |c C. Senthil Kumar. 
264 1 |a London ;  |a San Diego, CA :  |b Academic Press, an imprint of Elsevier,  |c [2023] 
300 |a 1 online resource 
336 |a text  |b txt  |2 rdacontent 
337 |a computer  |b c  |2 rdamedia 
338 |a online resource  |b cr  |2 rdacarrier 
504 |a Includes bibliographical references and index. 
588 |a Description based on online resource; title from digital title page (viewed on April 04, 2023). 
505 0 |a Reliability modeling -- Introduction to probabilistic safety assessment -- Risk assessment -- Site safety goals -- Challenges in risk assessment of multi-unit site -- Risk aggregation -- Human reliability -- Common cause failures and dependency modeling in single and multiunit NPP sites -- International studies related to multiunit PSA: A review -- Multiunit risk assessment for small modular reactors -- Summary. 
520 |a "Provides a framework for nuclear and PSA researchers and professionals on the design and operation of multi-unit risk assessments Reviews practices adopted in various regions around the globe to analyze dependencies between units Includes modeling techniques of inter-connections and shared resources, as well as risk aggregation"--  |c Provided by publisher. 
650 0 |a Nuclear power plants  |x Risk assessment. 
650 6 |a Centrales nucléaires  |x Évaluation du risque. 
650 7 |a Nuclear power plants  |x Risk assessment  |2 fast 
655 7 |a Electronic books.  |2 local 
710 2 |a ScienceDirect (Online service) 
758 |i has work:  |a RELIABILITY AND PROBABILISTIC SAFETY ASSESSMENT IN MULTIIT NUCLEAR POWER PLANTS (Text)  |1 https://id.oclc.org/worldcat/entity/E39PD3QVxtcDpDwPgXV7v3vXMP  |4 https://id.oclc.org/worldcat/ontology/hasWork 
776 0 8 |i Print version:  |z 0128193921  |z 9780128193921  |w (OCoLC)1237630840 
776 0 8 |i Print version:  |a Kumar, Senthil C., author.  |t Reliability and probabilistic safety assessment in multi-unit nuclear power plants  |z 9780128193921  |w (OCoLC)1370616260 
856 4 0 |u http://proxy.library.tamu.edu/login?url=https://www.sciencedirect.com/science/book/9780128193921  |z Connect to the full text of this electronic book  |t 0 
955 |a Elsevier ScienceDirect 2026-2027 
994 |a 92  |b TXA 
999 f f |i b4ac9288-8186-4885-a3f0-3f613e7d00db  |s 8a670c68-f152-4787-819a-b95351ff183a  |t 0 
952 f f |a Texas A&M University  |b College Station  |c Electronic Resources  |s www_evans  |d Available Online  |t 0  |e TK9152.16 .K85 2023  |h Library of Congress classification 
998 f f |a TK9152.16 .K85 2023  |t 0  |l Available Online